000 00508nam a2200205Ia 4500
003 0100
008 130227s9999 xx 000 0 und d
040 _cARRUPELIB
050 _aBF173 F675 V.13
100 _aSigmund, Freud
245 4 _aThe origins of religion
245 _btotem and taboo, moses and monotheism and other works
260 _aMiddlesex, England
260 _bPenguin Books
260 _C1985
300 _a20cm.
300 _b 413p.
650 _bSocial ethics
942 _2lcc
_01
999 _c3618
_d3618